Statistics for Top 100 Players In 2K23 (CLASSIC TEAMS)

Click here to take the quiz!

General Stats

  • This quiz has been taken 11 times
  • The average score is 35 of 69

Answer Stats

HintTAnswer% Correct
98LALKobe Bryant
100%
99CLELeBron James
100%
99CHIMichael Jordan
100%
98LALShaquille O’Neal
100%
97GSWStephen Curry
100%
93DENCarmelo Anthony
82%
96DALDirk Nowitzki
82%
98MINKevin Garnett
82%
98SASTim Duncan
82%
89CHIDennis Rodman
73%
97HOUHakeem Olajuwon
73%
96LALJerry West
73%
94UTAJohn Stockton
73%
98MILKareem Abdul-Jabbar
73%
97UTAKarl Malone
73%
97TORKawhi Leonard
73%
97GSWKevin Durant
73%
97BOSLarry Bird
73%
96CHIScottie Pippen
73%
93LALWilt Chamberlain
73%
94PHIAllen Iverson
64%
98BOSBill Russell
64%
94LACChris Paul
64%
91SASDavid Robinson
64%
96MIADwyane Wade
64%
94NJNJason Kidd
64%
95PHIJulius Erving
64%
92GSWKlay Thompson
64%
93CLEKyrie Irving
64%
93MILOscar Robertson
64%
95PHXSteve Nash
64%
92PORClyde Drexler
55%
95CHIDerrick Rose
55%
97LALMagic Johnson
55%
89MEMMarc Gasol
55%
91MEMPau Gasol
55%
92BOSPaul Pierce
55%
91SASTony Parker
55%
92HOUTracy McGrady
55%
94TORVince Carter
55%
91LACBlake Griffin
45%
94SEAGary Payton
45%
93DETIsiah Thomas
45%
90SASManu Ginobili
45%
88BOSRay Allen
45%
90OKCRussell Westbrook
45%
89DETBen Wallace
36%
89DETChauncey Billups
36%
90GSWDraymond Green
36%
92LALElgin Baylor
36%
88LALJames Worthy
36%
91NYKPatrick Ewing
36%
89GSWBaron Davis
27%
92INDPaul George
27%
89HOUYao Ming
27%
93MIAAlonzo Mourning
18%
89GSWChris Mullin
18%
91WASGilbert Arenas
18%
90SEAShawn Kemp
18%
91MILSidney Moncrief
18%
93NYKWalt Frazier
18%
90SACChris Webber
9%
92HOUDominique Wilkins
9%
91DETJoe Dumars
9%
92BOSKevin McHale
9%
89CLEMark Price
9%
89NYKAmar’e Stoudemire
0%
89PORBrandon Roy
0%
89BOSSam Jones
0%

Score Distribution

Percentile by Number Answered

Percent of People with Each Score

Your Score History

You have not taken this quiz